Quiz Wyoming - Statistiques

Statistiques générales
  • Ce quiz a été pris 11 fois
  • Le résultat moyen est 7 sur 12
Statistiques - réponses
Hint Réponse % Correct
Seul état à être moins dense que le Wyoming Alaska
100%
Plus gros parc national de l'état (et du plus vieux du monde) Yellowstone park
88%
Animal sur le drapeau Bison
75%
État au nord du Wyoming Montana
75%
C'est le dernier état en terme de : Population
75%
Capitale et ville la plus peuplée Cheyenne
63%
Il est le premier territoire des États-Unis d'Amérique à l'avoir mis en place en 1869 Droit de vote des femmes
63%
Il y en aurait que 2 dans tout l'état Escalator
63%
Il est le premier état à l'avoir interdit Avortement
38%
Deuxième ville la plus peuplée Casper
25%
Sport officiel Rodéo
25%
Autre parc national Grand Teton
13%
Aucun quiz correspondant
Distribution des résultats
% des personnes avec chaque résultat
Percentile par nombre de réponses
Votre historique - résultats
Vous n’avez pas pris ce quiz